| 000 | 02001nam0a2200337 4500 | ||
|---|---|---|---|
| 001 | RU\NLR\BIBL_A\012710194 | ||
| 005 | 20220423175146.0 | ||
| 010 |
_a978-5-8158-2238-2 _9100 |
||
| 021 |
_aRU _bКН-П-21-077007 _9КН-П-21-6140 |
||
| 035 | _a(NLR Aleph) 012710194 | ||
| 035 | _a(RuMoRGB)010869731 | ||
| 090 |
_a12907652 _c12907652 |
||
| 100 | _a20220218d2021 u y0rusy50 ca | ||
| 101 | 0 | _arus | |
| 102 | _aRU | ||
| 105 | _ay|||j|||000zy | ||
| 181 | 0 |
_ai3 _baxxe |
|
| 182 | 0 | _an | |
| 200 | 1 |
_aЧеловек и его потребности: социально-философский аспект _eучебное пособие _eдля студентов направлений подготовки 39.03.02 "Социальная работа", 43.03.01 "Сервис", 43.03.02 "Туризм", 42.03.01 "Реклама и связи с общественностью" _fК.Э. Бурнашев _gМинистерство науки и высшего образования Российской Федерации, Федеральное государственное бюджетное образовательное учреждение высшего образования "Поволжский государственный технологический университет" |
|
| 203 |
_aТекст _bвизуальный _cнепосредственный |
||
| 210 |
_aЙошкар-Ола _cПГТУ _d2021 |
||
| 215 |
_a143 с. _cтабл. _d21 |
||
| 320 | _aБиблиогр. в конце гл. | ||
| 606 | 1 |
_aПотребности (социол.) _jУчебные издания для высших учебных заведений _xФилософские вопросы _92202175 _3RU\NLR\AUTH\661323269 |
|
| 686 | 1 | _aС550.47я431 | |
| 686 | 1 | _aЮ216.22я73 | |
| 700 | 1 |
_aБурнашев _bК. Э. _gКонстантин Эдуардович |
|
| 942 | _cBOOK | ||
| 980 | _aNB | ||